| 000 | 01113nam a22003377a 4500 | ||
|---|---|---|---|
| 003 | CHAP | ||
| 005 | 20220329140506.0 | ||
| 008 | 971013s1959 r 00010 d | ||
| 010 | _a52783 | ||
| 011 | _a53755 | ||
| 035 | _a57905 | ||
| 040 | _cCHAP | ||
| 082 |
_a631.4 _bW67Y 1956 |
||
| 100 | 0 | 0 |
_aWorthen, Edmund L. _9122760 |
| 245 | _aSuelos agrícolas, su conservación y fertilización | ||
| 250 | _a2 ed. | ||
| 260 |
_aMéxico, D.F. : _bUTEHA, _c1959 |
||
| 300 |
_a416 p. _b: ilus. |
||
| 500 | _aTrad. de la 5 ed. rev. de 1956 | ||
| 590 |
_aBATCH-UPD _b10 _c20130110 _lUCH01 _h0407 |
||
| 590 |
_aBATCH-UPD _b10 _c20130110 _lUCH01 _h2128 |
||
| 590 |
_aCONVERSION _b10 _c20130109 _lUCH01 _h1329 |
||
| 650 | 1 | 4 |
_aFertilizantes y abonos. _940646 |
| 650 | 1 | 4 |
_aSuelos. _9110191 |
| 700 | 0 |
_aAldrich, Samuel R. _93724 |
|
| 901 | _aBK | ||
| 942 | _cLIBRO | ||
| 949 |
_a631.4 W67Y 1956 _bBC _cLIBRO _d33724000065504 _eLIBRO _fc.2 _h21139 _i57905 _si |
||
| 949 |
_a631.4 W67Y 1956 _bBC _cLIBRO _d33724000065512 _eLIBRO _fc.3 _h39639 _i57905 _si |
||
| 949 |
_a631.4 W67Y 1956 _bBC _cLIBRO _d33724000169892 _eLIBRO _h21138 _i57905 _si |
||
| 999 |
_c52783 _d52783 |
||